Nizam-British relations,1724-1857 (Record no. 423958)

000 -LEADER
fixed length control field 00375cam a22001217a 4500
008 - FIXED-LENGTH DATA ELEMENTS--GENERAL INFORMATION
fixed length control field 180718b1963 xxu||||| |||| 00| 0 eng d
082 ## - DEWEY DECIMAL CLASSIFICATION NUMBER
Classification number C43x5451 R261
100 ## - MAIN ENTRY--PERSONAL NAME
Personal name Regani, Sarojini
245 ## - TITLE STATEMENT
Title Nizam-British relations,1724-1857
Statement of responsibility, etc. by Sarojini Regani
260 ## - PUBLICATION, DISTRIBUTION, ETC.
Place of publication, distribution, etc. Hyderabad
Name of publisher, distributor, etc. Booklovers Private Limited
Date of publication, distribution, etc. 1963
300 ## - PHYSICAL DESCRIPTION
Extent 323p
650 ## - SUBJECT ADDED ENTRY--TOPICAL TERM
Topical term or geographic name entry element Hyderabad (India : State) --History
Holdings
Withdrawn status Lost status Damaged status Not for loan Permanent Location Current Location Date acquired Full call number Barcode Date last seen Price effective from Koha item type
        Indian Institute of Public Administration Indian Institute of Public Administration 2009-09-14 C43x5451 R261 34253 2018-07-21 2018-07-21 Book

Powered by Koha